000 00660nam a22001937a 4500
003 OSt
005 20251106024123.0
008 251106b |||||||| |||| 00| 0 eng d
020 _a 978-621-427-098-9
040 _aDWCL-Main lib
_cOC
082 _aFil. 005.133 P788i 2021
100 _aPomperada, Jake R.
245 _aIntroduction to GO programming/
_cJake R. Pomperada
260 _aManila, Philippines :
_bUnlimited books library & publishing inc.,
_cc2022.
300 _axx, 436 pages :
_b illustrations ;
_c25cm
504 _aIncludes bibliographical references
650 _a1. GO ( Computer program language)
942 _2ddc
_cBK - FIL
_kFil.
_n0
999 _c5545
_d5545